A Practical Field Guide for ISO 14001-2015 : Leadership Guidance, Revision and Update Information, Implementation Support, Documented Information, Internal Auditing Technique, Risks and Opportunities /

Gespeichert in:
Bibliographische Detailangaben
Hauptverfasser: Myhrberg, Erik V. (Verfasst von), Myhrberg, Brandon L. (Verfasst von)
Format: Buch
Sprache:Englisch
Veröffentlicht: Milwaukee ASQ Quality Press [2017]
Tags: Tag hinzufügen
Keine Tags, Fügen Sie das erste Tag hinzu!

MARC

LEADER 00000nam a22000003a 4500
001 0030915
003 SK-STU
005 20180205085602.8
007 ta
008 180205s ----xo-----e------000-0-----d
020 |a 978-0-87389-963-5 
040 |a STU  |b slo 
041 0 |a eng 
044 |a xxu 
100 1 |a Myhrberg, Erik V.  |4 aut 
245 1 0 |a A Practical Field Guide for ISO 14001-2015 :  |b Leadership Guidance, Revision and Update Information, Implementation Support, Documented Information, Internal Auditing Technique, Risks and Opportunities /  |c aut. Erik V Myhrberg, Brandon L Myhrberg 
260 |a Milwaukee  |b ASQ Quality Press  |c [2017] 
300 |a 84 s. 
700 1 |a Myhrberg, Brandon L.  |4 aut 
996 |b 284M087621  |c M* 14103-1  |l MMKN  |s A  |a 24  |w 0030915_0001